000
00272nam a22001097a 4500
008
170124b xxu||||| |||| 00| 0 eng d
020
_a
9780135114155
041
_a
eng
080
_2
2ND
_a
618.2
245
_a
HEALTH&PHYSICAL ASSESMENT IN NURSING
_c
D'AMICO, D
942
_2
udc
_c
BK
999
_c
3478
_d
3478